Qué rico! (Record no. 51284)

MARC details
000 -LEADER
fixed length control field 00649cam a22002171 4500
001 - CONTROL NUMBER
control field pa 55000252
003 - CONTROL NUMBER IDENTIFIER
control field DLC
005 - DATE AND TIME OF LATEST TRANSACTION
control field 20260227111853.0
008 - FIXED-LENGTH DATA ELEMENTS--GENERAL INFORMATION
fixed length control field 751103s1955 dcua i000 0 spa c
010 ## - LIBRARY OF CONGRESS CONTROL NUMBER
LC control number pa 55000252
035 ## - SYSTEM CONTROL NUMBER
System control number (OCoLC)1802924
040 ## - CATALOGING SOURCE
Original cataloging agency Pan American Union. Library
Transcribing agency FU
Modifying agency DLC
042 ## - AUTHENTICATION CODE
Authentication code premarc
050 00 - LIBRARY OF CONGRESS CALL NUMBER
Classification number TX725
Item number .P26
110 2# - MAIN ENTRY--CORPORATE NAME
Corporate name or jurisdiction name as entry element Pan American Union.
245 10 - TITLE STATEMENT
Title Qué rico!
Remainder of title Recipes from Latin America.
Statement of responsibility, etc. [Prepared by Merri Holway, with illustrations by Harold A. Fonseca]
260 ## - PUBLICATION, DISTRIBUTION, ETC.
Place of publication, distribution, etc. Wáshington
Date of publication, distribution, etc. [1955]
300 ## - PHYSICAL DESCRIPTION
Extent 30 p.
Other physical details illus.
Dimensions 24cm.
500 ## - GENERAL NOTE
General note Cover title.
650 #0 - SUBJECT ADDED ENTRY--TOPICAL TERM
Topical term or geographic name entry element Cooking, Spanish-American.

No items available.

Powered by Koha